| 000 -LEADER |
| fixed length control field |
03334cas a2200673 4500 |
| 001 - CONTROL NUMBER |
| control field |
11165723 |
| 003 - CONTROL NUMBER IDENTIFIER |
| control field |
NUST |
| 005 - DATE AND TIME OF LATEST TRANSACTION |
| control field |
20190312083857.0 |
| 008 - FIXED-LENGTH DATA ELEMENTS--GENERAL INFORMATION |
| fixed length control field |
750305c19729999njubr p 0 a0eng c |
| 010 ## - LIBRARY OF CONGRESS CONTROL NUMBER |
| LC control number |
72625070 |
| 016 7# - NATIONAL BIBLIOGRAPHIC AGENCY CONTROL NUMBER |
| Record control number |
9877746 |
| Source |
DNLM |
| 016 7# - NATIONAL BIBLIOGRAPHIC AGENCY CONTROL NUMBER |
| Record control number |
H22480000 |
| Source |
DNLM |
| 016 7# - NATIONAL BIBLIOGRAPHIC AGENCY CONTROL NUMBER |
| Record control number |
009207681 |
| Source |
Uk |
| 022 0# - INTERNATIONAL STANDARD SERIAL NUMBER |
| International Standard Serial Number |
0090-4848 |
| ISSN-L |
0090-4848 |
| Source |
1 |
| 030 ## - CODEN DESIGNATION |
| CODEN |
HRMAFP |
| 035 ## - SYSTEM CONTROL NUMBER |
| System control number |
(OCoLC)ocm01201641 |
| 037 ## - SOURCE OF ACQUISITION |
| Source of stock number/acquisition |
Subscription Manager, Jossey-Bass, a Wiley Company, 989 Market Street, San Francisco, CA 94103-1741 |
| 038 ## - RECORD CONTENT LICENSOR |
| Staff Name |
Mr.Zahoor |
| 040 ## - CATALOGING SOURCE |
| Original cataloging agency |
KSU |
| Language of cataloging |
eng |
| Transcribing agency |
KSU |
| Modifying agency |
YUS |
| -- |
NSD |
| -- |
DLC |
| -- |
NSD |
| -- |
RCS |
| -- |
OCL |
| -- |
NSD |
| -- |
DLC |
| -- |
AIP |
| -- |
NST |
| -- |
OCL |
| -- |
AIP |
| -- |
NST |
| -- |
DLC |
| -- |
HUL |
| -- |
NST |
| -- |
IUL |
| -- |
NST |
| -- |
NLM |
| -- |
NST |
| -- |
CAS |
| -- |
NSD |
| -- |
MYG |
| -- |
NSD |
| -- |
SYS |
| -- |
OCLCQ |
| -- |
NLGGC |
| -- |
SERSO |
| -- |
IUL |
| -- |
LVB |
| -- |
OCLCA |
| -- |
DLC |
| -- |
OCLCQ |
| -- |
M6U |
| -- |
DLC |
| -- |
UKMGB |
| -- |
MYG |
| -- |
OCLCO |
| -- |
OCLCF |
| -- |
OCLCO |
| -- |
IOC |
| -- |
OCLCQ |
| -- |
IBO |
| -- |
CSJ |
| -- |
OCLCQ |
| -- |
KSU |
| -- |
OCLCO |
| -- |
OCLCQ |
| -- |
OCLCA |
| -- |
CGU |
| -- |
OCLCQ |
| 042 ## - AUTHENTICATION CODE |
| Authentication code |
nsdp |
| -- |
pcc |
| 050 00 - LIBRARY OF CONGRESS CALL NUMBER |
| Classification number |
HF5549.A2 |
| Item number |
M3 |
| 082 04 - DEWEY DECIMAL CLASSIFICATION NUMBER |
| Classification number |
658.3/005 |
| 210 0# - ABBREVIATED TITLE |
| Abbreviated title |
Hum. resour. manageme. |
| 222 #0 - KEY TITLE |
| Key title |
Human resource management |
| 245 00 - TITLE STATEMENT |
| Title |
Human resource management. |
| 260 ## - PUBLICATION, DISTRIBUTION, ETC. |
| Place of publication, distribution, etc. |
Hoboken, N.J. : |
| Name of publisher, distributor, etc. |
Wiley Periodicals, Inc. |
| 300 ## - PHYSICAL DESCRIPTION |
| Extent |
volumes |
| Other physical details |
illustrations |
| Dimensions |
28 cm |
| 310 ## - CURRENT PUBLICATION FREQUENCY |
| Current publication frequency |
Bimonthly, |
| Date of current publication frequency |
2009- |
| 321 ## - FORMER PUBLICATION FREQUENCY |
| Former publication frequency |
Quarterly, |
| Dates of former publication frequency |
1972-2008 |
| 336 ## - CONTENT TYPE |
| Content type term |
text |
| Content type code |
txt |
| Source |
rdacontent |
| 337 ## - MEDIA TYPE |
| Media type term |
unmediated |
| Media type code |
n |
| Source |
rdamedia |
| 338 ## - CARRIER TYPE |
| Carrier type term |
volume |
| Carrier type code |
nc |
| Source |
rdacarrier |
| 362 0# - DATES OF PUBLICATION AND/OR SEQUENTIAL DESIGNATION |
| Dates of publication and/or sequential designation |
v. 11- spring 1972- |
| 500 ## - GENERAL NOTE |
| General note |
Imprint varies: [Ann Arbor], John Wiley [etc.], 1972- ; New York, N.Y., John Wiley & Sons, Inc., <1985->; Hoboken, N.J., Wiley Periodicals, Inc., <2005-> |
| 550 ## - ISSUING BODY NOTE |
| Issuing body note |
Issued by: Bureau of Industrial Relations, University of Michigan, 1972- ; published for: University of Michigan, Graduate School of Business Administration, 1972- ; published for: University of Michigan Ross School of Business, in alliance with: Society for Human Resource Management, <2005-> |
| 590 ## - LOCAL NOTE (RLIN) |
| Local note |
SERBIB/SERLOC merged record |
| 650 #0 - SUBJECT ADDED ENTRY--TOPICAL TERM |
| Topical term or geographic name entry element |
Personnel management |
| Form subdivision |
Periodicals. |
| 9 (RLIN) |
13828 |
| 650 #2 - SUBJECT ADDED ENTRY--TOPICAL TERM |
| Topical term or geographic name entry element |
Personnel Management. |
| 9 (RLIN) |
1204 |
| 650 #6 - SUBJECT ADDED ENTRY--TOPICAL TERM |
| Topical term or geographic name entry element |
Personnel |
| General subdivision |
Direction |
| Form subdivision |
Périodiques. |
| 9 (RLIN) |
13829 |
| 650 #7 - SUBJECT ADDED ENTRY--TOPICAL TERM |
| Topical term or geographic name entry element |
Personnel management. |
| Source of heading or term |
fast |
| Authority record control number or standard number |
(OCoLC)fst01058797 |
| 9 (RLIN) |
1204 |
| 650 17 - SUBJECT ADDED ENTRY--TOPICAL TERM |
| Topical term or geographic name entry element |
Personeelsmanagement. |
| Source of heading or term |
gtt |
| 9 (RLIN) |
13834 |
| 653 ## - INDEX TERM--UNCONTROLLED |
| Uncontrolled term |
Titles of journals. |
| 653 ## - INDEX TERM--UNCONTROLLED |
| Uncontrolled term |
Titles of electronic journals. |
| 655 #2 - INDEX TERM--GENRE/FORM |
| Genre/form data or focus term |
Periodical. |
| 9 (RLIN) |
13835 |
| 655 #7 - INDEX TERM--GENRE/FORM |
| Genre/form data or focus term |
Periodicals. |
| Source of term |
fast |
| Authority record control number |
(OCoLC)fst01411641 |
| 9 (RLIN) |
2739 |
| 710 2# - ADDED ENTRY--CORPORATE NAME |
| Corporate name or jurisdiction name as entry element |
University of Michigan. |
| Subordinate unit |
Bureau of Industrial Relations. |
| 9 (RLIN) |
13836 |
| 710 2# - ADDED ENTRY--CORPORATE NAME |
| Corporate name or jurisdiction name as entry element |
University of Michigan. |
| Subordinate unit |
Graduate School of Business Administration. |
| 9 (RLIN) |
13837 |
| 710 2# - ADDED ENTRY--CORPORATE NAME |
| Corporate name or jurisdiction name as entry element |
Michigan Ross School of Business. |
| 9 (RLIN) |
13838 |
| 710 2# - ADDED ENTRY--CORPORATE NAME |
| Corporate name or jurisdiction name as entry element |
Society for Human Resource Management (U.S.) |
| 9 (RLIN) |
13839 |
| 776 08 - ADDITIONAL PHYSICAL FORM ENTRY |
| Relationship information |
Online version: |
| Title |
Human resource management (Online) |
| International Standard Serial Number |
1099-050X |
| Record control number |
(DLC)sn 98007640 |
| -- |
(OCoLC)39001487 |
| 776 08 - ADDITIONAL PHYSICAL FORM ENTRY |
| Relationship information |
Online version: |
| Title |
Human resource management |
| Record control number |
(OCoLC)567458177 |
| 780 00 - PRECEDING ENTRY |
| Title |
Management of personnel quarterly |
| International Standard Serial Number |
0025-1852 |
| Record control number |
(DLC) 67003686 |
| -- |
(OCoLC)1641296 |
| 906 ## - LOCAL DATA ELEMENT F, LDF (RLIN) |
| a |
7 |
| b |
cbc |
| c |
serials |
| d |
3 |
| e |
ncip |
| f |
19 |
| g |
n-oclcserc |
| 942 ## - ADDED ENTRY ELEMENTS (KOHA) |
| Source of classification or shelving scheme |
|
| Koha item type |
Continuing Resources |
| Serial record |
1 |